Transportadores y elevadores

Sparad:
Bibliografiska uppgifter
Huvudupphovsmän: Miravete, Antonio (autor), Larrodé, Emilio (Författare, medförfattare)
Materialtyp: Bok
Språk:spanska
Publicerad: Zaragoza Universidad de Zaragoza 1996
Upplaga:1a. ed
Ämnen:
Taggar: Lägg till en tagg
Inga taggar, Lägg till första taggen!

MARC

LEADER 00000nam a2200000 a 4500
001 UCH2081
003 CL-VaPUC
008 090528e19960000SP |||||||||||||||||spa|d
020 |a 8492134917 
082 0 4 |a 621.862  |b MIR  |2 21 
100 |a Miravete, Antonio  |e autor  |9 553539 
700 |a Larrodé, Emilio  |e author  |9 553540 
245 1 0 |a Transportadores y elevadores 
250 |a 1a. ed 
300 |a 448 p 
942 |c BK 
945 |d 20090528 00:00:00  |a rbrito 
260 |a Zaragoza  |b Universidad de Zaragoza  |c 1996 
650 7 |a TRANSPORTADORES  |2 CL-VaPUC  |9 363864 
650 7 |a ELEVADORES  |2 CL-VaPUC  |9 363857 
650 7 |a TRACTORES  |2 CL-VaPUC  |9 326395 
650 7 |a BANDA TRANSPORTADORAS  |2 CL-VaPUC  |9 536721 
650 7 |a TELEFERICOS  |2 CL-VaPUC  |9 536722 
650 7 |a FUNICULARES  |2 CL-VaPUC  |9 536723 
650 7 |a BLONDINES  |2 CL-VaPUC  |9 536724 
583 |a last modification  |c 20090528 00:00:00  |k Rodrigo Vera 
999 |c 333916  |d 333914 
952 |0 0  |1 0  |4 0  |6 621_862000000000000_MIR_1996  |7 0  |8 A  |9 422579  |a BIBMEC  |b BIBMEC  |d 2019-11-22  |i 4553519  |o 621.862 MIR 1996  |p 4553519  |r 2024-01-19  |w 2019-11-22  |y BK  |k MEC